Riconosci la provincia dal comune parte 2 - Statistics

Statistiche generali
  • Questo quiz è stato fatto 192 volte
  • Il punteggio medio è 14 su 20
Statistiche sulle risposte
Hint Risposta % Corretto
Sanremo Imperia
89%
Rho Milano
84%
Monopoli Bari
81%
Ladispoli Roma
81%
Imola Bologna
77%
Città di Castello Perugia
75%
Bassano del Grappa Vicenza
75%
Empoli Firenze
74%
Moncalieri Torino
72%
Pontedera Pisa
68%
Viareggio Lucca
65%
Vittoria Ragusa
65%
Faenza Ravenna
65%
Montesilvano Pescara
63%
Sciacca Agrigento
62%
Gallarate Varese
62%
Lissone Monza
60%
Villafranca Verona
58%
Alcamo Trapani
55%
Bisceglie BAT
44%
Nessun quiz corrispondente trovato
Distribuzione punteggi
Percentuale di utenti per punteggio
Percentile per numero di risposta
I tuoi punteggi nel tempo
Non hai fatto questo quiz